Ultimate Ed Sheeran Music quiz - Statistics

General Stats
  • This quiz has been taken 52 times
    18 since last reset
  • The average score is 52 of 110
Answer Stats
year album song initials song % Correct
COTH Castle on the hill
94%
2011 + ( plus) TAT the A team
88%
2017 Divide E Eraser
81%
GG Galway Girl
81%
Y ft Wiley you
81%
D Dive
75%
IDC Justin Bieber I don't care
75%
SOY Shape of You
75%
S with Pharrell Sing
75%
SOTB cardi b, camila cabello South of the border
75%
YNM,IDNY You need me, i don't need you
75%
2025 Azizam A Azizam
69%
BH Bad Habits
69%
european city B Barcelona
69%
D Don't
69%
HWYF How would you feel
69%
LH lego house
69%
P Perfect
69%
S Shivers
69%
SMF Supermarket Flowers
69%
TOL Thinking out Loud
69%
2019 no.6 collaborations project BP Khalid Beautiful People
63%
H Happier
63%
2014 X ( Multiply) O One
63%
P Photograph
63%
TMBTL stormzy Take me back to london
63%
WDIK what do I Know
63%
2S 2step
56%
AS Travis scott Antisocial
56%
BBYY Bibia be Ye Ye
56%
2023 Subtract B Boat
56%
EC Eyes closed
56%
GML Give me Love
56%
LGO Life goes on
56%
TJATQ with Taylor swift The joker and the queen
56%
UNI uni
56%
V Vega
56%
AL Afire love
50%
BPOM Yebba Best part of me
50%
BS Bloodstream
50%
BL Borderline
50%
C Collide
50%
CB Colourblind
50%
D Drunk
50%
D Dusty
50%
EOY End of Youth
50%
EMDDS Even my dad does sometimes
50%
FT First Times
50%
HDBAH Hearts don't break around here
50%
ISF I See Fire
50%
LYL Leave your life
50%
NM Nancy Mulligan
50%
NM New Man
50%
N Nina
50%
SW Salt water
50%
B chris stapleton, bruno mars blow
44%
CM chance the rapper, Pnb rock Cross me
44%
G8 grade 8
44%
IAM I'm a mess
44%
KM Kiss me
44%
LISM Love in slow motion
44%
NS No Strings
44%
RTN Eninem, 50 cent Remember the name
44%
R Runaway
44%
SM Save Myself
44%
THOA The hills of Aberfeldy
44%
shares a name with swift song TM The man
44%
VH Visiting hours
44%
1000 N Meek Mill, A Boogie wit da Hoodie 1000 nights
38%
AL Autumn Leaves
38%
BRN Be Right now
38%
C Curtains
38%
FF Firefly
38%
GR Gold Rush
38%
IDWYM ft H.E.R. i don't want your money
38%
LB Little Bird
38%
LB Little bird
38%
NOY paulo londra, dave nothing on you
38%
SB small bump
38%
S Spark
38%
STR stop the rain
38%
S Sycamore
38%
TS Tenerife sea
38%
TC the city
38%
2021 Equals T Tides
38%
WMU wake me up
38%
F Young thug, J Hus Feels
31%
OPG Overpass Grafiti
31%
PIAOM Ella Mai put it all on me
31%
S Sofa
31%
SB Sunburn
31%
T this
31%
WTBMH Skrillex way to break my heart
31%
H Homeless
25%
2011 loose change LIO Let it out
25%
ON One Night
25%
R ft JME radio
25%
SM sandman
25%
SS Shirt Sleeves
25%
S Stoned
25%
TIB Take it Back
25%
WF Wildflowers
25%
F ft P.Money family
19%
GTY ft Dot Rotten goodbye to you
19%
M Moving
19%
T Toughest
19%
DMO ft Ghetts drown me out
13%
2011 No. 5 Collaborations project L ( ft Devlin) lately
13%
LL ft Mikill Pane little lady
13%
N ft Random Impulse, Sway and Wretch 32 nightmares
13%
No matching quizzes found
Score Distribution
Percent of People with Each Score
Percentile by Number Answered
Your Score History
You have not taken this quiz since the last reset